| 000 | 00569nam a2200193Ia 4500 | ||
|---|---|---|---|
| 005 | 20250508153107.0 | ||
| 008 | 008 250505s9999 xx 000 0 eng d | ||
| 037 | _aTextual | ||
| 040 |
_aFEDL _beng _cFEDL |
||
| 041 |
_aeng _2eng |
||
| 084 |
_a372, WAR _qFEDL |
||
| 100 |
_aWarner Ruby H _9760861 |
||
| 245 | 0 | _aElementary school teaching practice | |
| 260 |
_aWashington, USA _bThe Center for Applied Research in Education _c1962 |
||
| 300 | _aviii,120p. | ||
| 650 | _aElementary Education | ||
| 942 |
_cTEXL _h372, WAR |
||
| 999 |
_c1340654 _d1340654 |
||